00918cam a2200241 a 4500999001700000001000800017005001700025008004100042010001700083020003200100043001200132050002400144100003000168245008100198260007300279300003400352504006600386600003600452650003100488650001700519942001500536952012500551 c22053d22053110756720170123120313.0930805s1995 paua b 001 0 eng  a 93030505  a0271013001 (acidfree paper) ae-fr---00aN7432.5 .C6R67 19951 aRosenberg, Martin,d1951-10aRaphael and France :bthe artist as paradigm and symbol /cMartin Rosenberg. aUniversity Park, Pa. :bPennsylvania State University Press,cc1995. axii, 226 p. :bill. ;c29 cm. aIncludes bibliographical references (p. [209]-221) and index.00aRaphael,d1483-1520xInfluence. 0aClassicism in artzFrance. 0aArt, French. 2lcccBOOKS 00102lcc4070aMUCbMUCcTECHd2017-01-23eDonation(BFA)l0oN7432.5 .C6R67 1995p31719r2018-06-08w2017-01-23yBOOKS